000 00519 a2200133 4500
082 _a658.4013
090 _c5473
_d5473
100 _aPakistan Institute of Quality Control
245 _aPakistan's Sixth Internationa Convention on Quality Improvement Nov. 14-15, 2000 Lahore
_bImplementing TMQ Approaches, Methodologies, Tools andd Case Studies
_cPakistan Institute of Quality Control
260 _aLahore, Pakistan
_bIbrahim Publishers
_c2000
300 _a294
500 _apapercover
942 _aNBS
_cBK
_k658.4013 ICQ
999 _c347880
_d347880